Fundamentos de física
Uloženo v:
| Hlavní autor: | |
|---|---|
| Médium: | Kniha |
| Jazyk: | španělština |
| Vydáno: |
Madrid
Aguilar
1975
|
| Vydání: | 7a. ed |
| Témata: | |
| Tagy: |
Přidat tag
Žádné tagy, Buďte první, kdo vytvoří štítek k tomuto záznamu!
|
MARC
| LEADER | 00000nam a2200000 a 4500 | ||
|---|---|---|---|
| 001 | UCU4081 | ||
| 003 | CL-VaPUC | ||
| 008 | 960517e19750000SP |||||||||||||||||spa|d | ||
| 082 | 0 | 4 | |a 535 |b SEA |2 21 |
| 100 | 0 | |a Sears, Francis Weston |e author |9 361493 | |
| 245 | 1 | 0 | |a Fundamentos de física |
| 250 | |a 7a. ed | ||
| 300 | |a v | ||
| 942 | |c BK | ||
| 945 | |d 19960517 00:00:00 |a paguirre | ||
| 260 | |a Madrid |b Aguilar |c 1975 | ||
| 500 | |a v.1: Mecánica, calor y sonido | ||
| 500 | |a v.2: Electricidad y magnetismo | ||
| 650 | 0 | |a Optica |9 263171 | |
| 650 | 0 | |a Mecánica |9 260096 | |
| 650 | 0 | |a Electricidad |9 260222 | |
| 650 | 0 | |a Magnetismo |9 260336 | |
| 650 | 0 | |a Sonido |9 261796 | |
| 650 | 0 | |a Calor |9 260253 | |
| 583 | |a last modification |c 19960517 00:00:00 |k Rodrigo Vera | ||
| 999 | |c 247906 |d 247904 | ||
| 952 | |0 0 |1 0 |4 0 |6 535_000000000000000_SEA_1975 |7 0 |8 A |9 264132 |a BIBING |b BIBING |d 2019-11-19 |h v.1 |i 165909K |o 535 SEA 1975 |p 165909K |r 2025-01-20 |w 2019-11-19 |y BK |k CCL | ||
| 952 | |0 0 |1 0 |4 0 |6 535_000000000000000_SEA_1975 |7 0 |8 A |9 264133 |a BIBING |b BIBING |d 2019-11-19 |i 1700863 |o 535 SEA 1975 |p 1700863 |r 2025-01-20 |w 2019-11-19 |y BK |k CCL | ||